00622nam a2200133Ia 4500008004100000100002500041245009600066245017800162260005300340260000900393300001000402650001500412856006100427170221s9999 xx 000 0 und d aAlexey I. Shinkevich aFeatures of Integrative Relations between Science, State and Industry in Russia and Abroad  cAlexey I. Shinkevich, Farida F. Galimulina, Vadim O. Moiseyev, Vilora V. Avilova, Kristina S. Kuramshina, Izida I. Ishmuradova, Liudmila A. Ponkratova, Viktoriya L. Grankina bInternational Review of Management and Marketing c2012 a7 : 1 xMarketing. uhttp://www.econjournals.com/index.php/irmm/issue/view/71